| 000 | 00850cam a2200253 a 4500 | ||
|---|---|---|---|
| 001 | 49654 | ||
| 003 | BD-RjUL | ||
| 005 | 20211209054717.0 | ||
| 008 | 160822s1963 enk 000 0 eng d | ||
| 035 | _a(BD-RjUL)49774 | ||
| 035 | _a2410944 | ||
| 040 |
_aNZOC _beng _cNZOC _dAIC |
||
| 041 | _aeng | ||
| 082 |
_222 _a365.942 _bMOP 1963 |
||
| 100 | 1 |
_aMorris, Pauline. _9148891 |
|
| 245 | 1 | 0 |
_aPentonville : _ba sociological study of an English prison / _cby Terence Morris and Pauline Morris ; assisted by Barbara Barer. |
| 260 |
_aLondon : _bRoutledge & Kegan Paul, _c1963. |
||
| 300 |
_axv, 398, 13 p. ; _c23 cm. |
||
| 610 | 2 | 0 |
_aPentonville Prison. _9148899 |
| 700 | 1 |
_aMorris, Pauline. _9148891 |
|
| 700 | 1 |
_aBarer, Barbara, asisted _9148894 |
|
| 942 |
_2ddc _cBK |
||
| 999 |
_c49654 _d49654 |
||